• 首页
  • 本馆介绍
  • 公告通知
  • 最新文献
  • 馆藏检索
  • 电子资源
  • 读者导购
  • 参考咨询
  • 我的图书馆
  • 登录
  • 详细信息显示
  • 放入我的书架
  • 预约/预借图书
  • 作者相关作品
  • 分类相关作品
  • 丛书相关作品
  • 出版社相关作品

书目信息

  • 表格格式
  • 工作单格式
  • 卡片格式
题名:
战争与和平
    
 
作者: ;耿芳 译 ;时代生活图书公司 编著
分册: 2  
出版信息: 济南   山东画报出版社  2003
页数: 142页
开本: 25cm
丛书名: 生活在遥远的年代
单 册:
中图分类: K512.34
科图分类:
主题词: 历史
电子资源:
ISBN: 7-80603-726-8
000 01170oam2 2200325 450
001 1549683880
005 20150120134923.59
010    @a7-80603-726-8@dCNY1.35
100    @a20030128d2003 em y0chiy0110 ea
101 1  @achi@ceng
102    @aCN@b370000@b110000
105    @aa z 001yd
200 1  @a战争与和平@9zhan zheng yu he ping@e俄罗斯帝国@e公元1696~1917@h2@f[(美)时代—生活图书公司编著]@g耿芳译
210    @a济南@c山东画报出版社@d2003
215    @a142页@c图@d25cm
225 2  @a生活在遥远的年代
304    @a责任者取自封面折页
308    @a丛书原题: 生活在遥远的年代丛书
330    @a本书着重讲述了罗曼诺夫统治时期——从彼德大帝到俄罗斯最后一位沙皇尼古拉二世——俄罗斯人的生活状况。
461  0 @12001 @a生活在遥远的年代
510 1  @aIn the Time of War and Peace@eImperial Russia@eAD 1696~1917@zeng
517 1  @a俄罗斯帝国@9e luo si di guo
606 0  @a历史
607    @a俄罗斯@x历史@z1696~1917@j通俗读物
607    @a俄罗斯
690    @aK512.34@v4
702  0 @a耿芳@9geng fang@c(翻译)@4译
711 02 @c(美)@a时代生活图书公司@9shi dai sheng huo tu shu gong si@4编著
801  0 @aCN@bTSSF@c20150120
905    @aZUCC@dK512.34@eJY96:2
    
    战争与和平:俄罗斯帝国:公元1696~1917.2/[(美)时代—生活图书公司编著]/耿芳译.-济南:山东画报出版社,2003
    142页:图;25cm.-(生活在遥远的年代)
    
    
    ISBN 7-80603-726-8:CNY1.35
    本书着重讲述了罗曼诺夫统治时期——从彼德大帝到俄罗斯最后一位沙皇尼古拉二世——俄罗斯人的生活状况。
●
相关链接 在E读中查询图书 在五车中查询图书 在当当中查询图书 在豆瓣中查询图书


正题名:战争与和平     索取号:K512.34/JY96:2         预约/预借

序号 登录号 条形码 馆藏地/架位号 状态 备注
1 7849447   278494470   学院路分馆/ [索取号:K512.34/JY96:2] 在馆    
2 7849448   278494489   学院路分馆/ [索取号:K512.34/JY96:2] 在馆    
3 7849449   278494498   学院路分馆/ [索取号:K512.34/JY96:2] 在馆    
4 7849450   278494504   学院路分馆/ [索取号:K512.34/JY96:2] 在馆    
唐山师范学院图书馆 欢迎您!
大连网信软件有限公司© 版权所有